| 000 | 00707nam a2200229Ia 4500 | ||
|---|---|---|---|
| 008 | 191119s9999 xx 000 0 und d | ||
| 020 | _a978-621-406-160-0 | ||
| 050 | _aFIL NX 280 | ||
| 050 | _b.L43 2018 | ||
| 100 | _aLeaño, Roman D. | ||
| 245 | 0 | _aArt appreciation for college students / | |
| 245 | 0 | _cRoman D. Leaño, Jenny Marsha B. Agtani. | |
| 260 | _aPhilippines : | ||
| 260 | _bMindshapers, | ||
| 260 | _c2018 | ||
| 300 | _a314 pages : | ||
| 300 | _c25 cm. | ||
| 500 | _aIncludes bibliographic references. | ||
| 650 | _aArts -- Study and teaching -- Philippines. | ||
| 650 | _aHumanities -- Study and teaching -- Philippines. | ||
| 650 | _xArt appreciation -- Study and teaching. | ||
| 999 |
_c363108 _d363108 |
||